Several complex variables /
Guardado en:
| Autor Principal: | |
|---|---|
| Otros Autores: | |
| Formato: | Libro |
| Idioma: | English |
| Publicado: |
Princeton :
Princeton Univ. Press,
1948.
|
| Series: | Princeton mathematical series ;
10 |
| Etiquetas: |
Agregar Etiqueta
Sin Etiquetas, Sea el primero en etiquetar este registro!
|
| LEADER | 00608nam a22001815a 4500 | ||
|---|---|---|---|
| 001 | MAT.inmabb000291 | ||
| 008 | 861126s1948####nju######b####000#0#eng## | ||
| 005 | 20110225152144.0 | ||
| 245 | 1 | 0 | |a Several complex variables / |c by Salomon Bochner and William Ted Martin. |
| 260 | |a Princeton : |b Princeton Univ. Press, |c 1948. | ||
| 300 | |a ix, 216 p. ; |c 24 cm. | ||
| 440 | 0 | |a Princeton mathematical series ; |v 10 | |
| 504 | |a Includes "References." | ||
| 510 | 4 | |a MR, |c 10,366a | |
| 100 | 1 | |a Bochner, S. |q (Salomon), |d 1899- | |
| 700 | 1 | |a Martin, William Ted, |d 1911- | |
| 084 | |a 32 |2 msc2000 | ||
| 859 | |h 32 |i B664 |p A-18 |b BIB. MATEMATICA | ||
